Statistics for All Terraria woods with source

Click here to take the quiz!

General Stats

  • This quiz has been taken 9 times
  • The average score is 16 of 20

Answer Stats

Wood% Correct
Boreal
100%
Ebonwood
100%
Jungle
100%
Palm
100%
Pearlwood
100%
Shadewood
100%
Wood
100%
Ash
86%
Corruption
86%
Crimson
86%
Desert | ocean
86%
Forest
86%
Hallow
86%
Rich Mahogany
86%
Underworld
71%
Dynasty
57%
Ice
57%
Mourning Wood
43%
Spooky
43%
Traveling Merchant
43%

Score Distribution

Percentile by Number Answered

Percent of People with Each Score

Your Score History

You have not taken this quiz